00288nam a22001097a 4500008004100000020001800041100001700059245004300076250000900119260004200128300000800170240805b |||||||| |||| 00| 0 eng d a9789395759984 aS. N. Shukla aThe Transfer of Property Act 30th Edn. a30th aFaridabadbAllahabad Law Agencyc2024 a607